| 000 | 00877nam a22002777a 4500 | ||
|---|---|---|---|
| 001 | 16421553 | ||
| 005 | 20230112125807.0 | ||
| 008 | 230112b |||||||| |||| 00| 0 eng d | ||
| 010 | _a 2010935164 | ||
| 020 | _a9780857022424 | ||
| 020 | _a9780857022431 | ||
| 040 |
_aDLC _cKMU |
||
| 042 | _apcc | ||
| 050 | 0 | 0 |
_aHD30.3 _b.C667 2011 |
| 100 | 1 | _aCornelissen, Joep. | |
| 245 | 1 | 0 |
_aCorporate communication : _bA guide to theory and practice / _cJoep Cornelissen. |
| 250 | _a3rd ed. | ||
| 260 |
_aThousand Oaks, CA : _bSAGE Publications, _c2011. |
||
| 300 |
_axvii, 272 p. : _bill. ; _c25 cm. |
||
| 504 | _aIncludes bibliographical references and index. | ||
| 650 | 0 | _aCommunication in management. | |
| 650 | 0 | _aBusiness communication. | |
| 906 |
_a7 _bcbc _corignew _d2 _eepcn _f20 _gy-gencatlg |
||
| 942 |
_2lcc _cBK _n0 |
||
| 999 |
_c116 _d116 |
||